Anaphora in Celtic and universal grammar

Bibliographic Details
Published in:Studies in natural language and linguistic theory
Main Author: Hendrick, Randall
Content type: Book
Published: Dordrecht: Kluwer 1988
Series:Studies in natural language and linguistic theory ;
Source:MPIPL_cat

MARC

LEADER 00000nam a2200000 ub4500
001 PL0050850
003 PLI01000000000000000050617
005 00000000000000.0
008 ||| u
020 |a 1-556-08066-2 
020 |a 9781556080661 
090 |a 210-Hen/1 
100 1 |a Hendrick, Randall 
245 0 0 |a Anaphora in Celtic and universal grammar  |c Randall Hendrick 
260 |a Dordrecht  |b Kluwer  |c 1988 
300 |a XI, 284 S. 
490 0 |a Studies in natural language and linguistic theory ; 
830 0 |w PL0000540 
852 |c 210-Hen/1  |m BOOK